000 00518cam a22001457a 4500
008 180718b1999 xxu||||| |||| 00| 0 eng d
020 _a817022750X
082 _aB7x54 R137
245 _aDecentralised government and NGOs: issues, strategies and ways forward
_cedited by D. Rajasekhar
260 _aNew Delhi
_bConcept
_c1999
300 _a180p.
650 _aDeveloping countries --Politics and government --Congresses.
650 _aEconomic assistance --Developing countries --Congresses
700 _aRajasekhar, D.
999 _c388762
_d388762